Historias putas : (Record no. 371)

MARC details
000 -LEADER
campo de control de longitud fija 01143cam a2200289Ia 4500
001 - NÚMERO DE CONTROL
campo de control 4258938
005 - FECHA Y HORA DE LA ÚLTIMA TRANSACCIÓN
campo de control 20220326193306.0
008 - DATOS DE LONGITUD FIJA--INFORMACIÓN GENERAL
campo de control de longitud fija 040108s2003 es a b 000 0 spa d
020 ## - NÚMERO INTERNACIONAL ESTÁNDAR DEL LIBRO
Número Internacional Estándar del Libro 9992377763
035 ## - NÚMERO DE CONTROL DEL SISTEMA
Número de control de sistema (NNC)4258938
035 ## - NÚMERO DE CONTROL DEL SISTEMA
Número de control de sistema (OCoLC)ocm55960377
040 ## - FUENTE DE CATALOGACIÓN
Centro catalogador/agencia de origen CSL
Centro/agencia transcriptor CSL
043 ## - CÓDIGO DE ÁREA GEOGRÁFICA
Código de área geográfica nces---
082 ## - NÚMERO DE LA CLASIFICACIÓN DECIMAL DEWEY
Número de clasificación 3063742.0972.84
Número de ítem V712h
090 ## - LOCALMENTE ASIGNADO TIPO-LC NÚMERO DE CLASIFICACIÓN (OCLC); NÚMERO DE CLASIFICACIÓN LOCAL (RLIN)
Número de clasificación (OCLC) (R) ; Numero de clasificación, CALL (RLIN) (NR) HQ159.S2
Número cutter local (OCLC) ; Número de libro/Signatura topográfica íntegra, CALL (RLIN) V55 2003
100 1# - ENTRADA PRINCIPAL--NOMBRE DE PERSONA
Nombre de persona Villacorta, Azahara.
9 (RLIN) 1760
245 10 - MENCIÓN DEL TÍTULO
Título Historias putas :
Resto del título los relatos de doce mujeres trabajadoras y ex trabajadoras del sexo del centro de San Salvador /
Mención de responsabilidad, etc. Azahara Villacorta.
250 ## - MENCION DE EDICION
Mención de edición 1. ed.
260 ## - PUBLICACIÓN, DISTRIBUCIÓN, ETC.
Lugar de publicación, distribución, etc. San Salvador, El Salvador, Centroamérica :
Nombre del editor, distribuidor, etc. Asociación de Mujeres "Flor de Piedra",
Fecha de publicación, distribución, etc. c2003.
300 ## - DESCRIPCIÓN FÍSICA
Extensión 169 p. :
Otras características físicas col. ill. ;
Dimensiones 22 cm.
500 ## - NOTA GENERAL
Nota general "Hablan las trabajadoras del sexo del centro de San Salvador en lucha por su dignificación."--Cover.
504 ## - NOTA DE BIBLIOGRAFÍA, ETC.
Nota de bibliografía, etc. Includes bibliographical references (p. 169).
650 #0 - PUNTO DE ACCESO ADICIONAL DE MATERIA--TÉRMINO DE MATERIA
Término de materia o nombre geográfico como elemento de entrada Prostitution
Subdivisión geográfica El Salvador
-- San Salvador.
9 (RLIN) 1761
650 #0 - PUNTO DE ACCESO ADICIONAL DE MATERIA--TÉRMINO DE MATERIA
Término de materia o nombre geográfico como elemento de entrada Prostitutes
Subdivisión geográfica El Salvador
-- San Salvador
Subdivisión de forma Interviews.
9 (RLIN) 1762
710 2# - ENTRADA AGREGADA--NOMBRE DE ENTIDAD CORPORATIVA
Nombre de entidad corporativa o nombre de jurisdicción como elemento de entrada Asociación de Mujeres "Flor de Piedra."
9 (RLIN) 1763
Holdings
Estatus retirado Estado de pérdida Fuente del sistema de clasificación o colocación Estado de daño No para préstamo Biblioteca de origen Biblioteca actual Ubicación en estantería Fecha de adquisición Total de préstamos Signatura topográfica completa Código de barras Visto por última vez Precio de reemplazo Tipo de ítem Koha
    Clasificación Decimal Dewey     Biblioteca LadoV Biblioteca LadoV   21/11/2014   3063742.0972.84 V712h 000516 21/11/2014 21/11/2014 Material 01